000 00407nam a2200133Ia 4500
008 231221s9999 xx 000 0 und d
020 _a978-3-642-22182-8
041 _aEnglish
100 _aDenis Cavallucci, Roland Guio, Gaetano Cascini
245 0 _aBuilding Innovation Pipelines through Computer-Aided Innovation
260 _c2011
_bSpringer US
_aNew York
650 _aComputer Science
942 _cEB
999 _c220034
_d220034